| 000 | 00856nam a2200217 a 4500 | ||
|---|---|---|---|
| 003 | 0 | ||
| 005 | 20250205153657.0 | ||
| 008 | 130817s19uu xx 00 eng d | ||
| 050 |
_aPHS CB 251 _b.C545 2013 |
||
| 100 | _aChoi, Antoine Jun Hyuk | ||
| 245 |
_aA critical investigation whether Japanese culture originated in Korean culture / _cAntoine Jun Hyuk Choi. |
||
| 260 |
_aLas PiƱas City, Philippines : _bSouthville International School and Colleges, _c2013. |
||
| 300 |
_a35 pages : _billustrations ; _c28 cm. |
||
| 504 | _aIncludes bibliographic references. | ||
| 650 |
_aCultural diffusion _vKorea and Japan. |
||
| 650 |
_aJapanese culture _vKorean influences. |
||
| 650 |
_aKorean civilization _vInfluence on Japan. |
||
| 651 |
_aJapan _vCivilization _xKorean influences. |
||
| 651 |
_aKorea _vCivilization _xInfluence on Japan. |
||
| 942 |
_2lcc _cPASS |
||
| 999 |
_c98928 _d98928 |
||